[Event "Politiken Cup 2011"]
[Site "Helsingor"]
[Date "2011.08.01"]
[Round "4.50"]
[White "Willumsen, Henrik"]
[Black "Rasmussen, Lars"]
[Result "1-0"]
[WhiteElo "2194"]
[BlackElo "1981"]
[PlyCount "53"]
[EventDate "2011.??.??"]
[WhiteTeam "Nørresundby"]
[BlackTeam "Åbyhøj"]

1. e4 c5 2. Nf3 d6 3. d4 cxd4 4. Nxd4 Nf6 5. Nc3 a6 6. Be2 e6 7. O-O Be7 8. a4
O-O 9. Be3 Qc7 10. f4 Nc6 11. Qe1 Bd7 12. Qg3 Nxd4 13. Bxd4 Bc6 14. Bd3 Nh5 15.
Qh3 Nxf4 16. Rxf4 e5 17. Nd5 Bxd5 18. exd5 g6 19. Qh6 Qd8 20. Rg4 exd4 21. Rg3
f5 22. Rf1 Qd7 23. Rxg6+ hxg6 24. Qxg6+ Kh8 25. Rxf5 Rxf5 26. Bxf5 Qxf5 27.
Qxf5 1-0

[Event "Politiken Cup 2011"]
[Site "Helsingor"]
[Date "2011.08.01"]
[Round "4.51"]
[White "Radice, Luca"]
[Black "Rostgaard, Tobias Valentin"]
[Result "0-1"]
[WhiteElo "2021"]
[BlackElo "2184"]
[PlyCount "64"]
[EventDate "2011.??.??"]
[WhiteTeam "Monza"]
[BlackTeam "BMS"]

1. d4 d5 2. c4 c6 3. Nf3 Nf6 4. e3 Bf5 5. Nc3 e6 6. Nh4 Be4 7. f3 Bg6 8. Qb3
Qc7 9. Bd2 Nbd7 10. cxd5 Nxd5 11. Nxg6 hxg6 12. O-O-O O-O-O 13. g3 Nxc3 14.
Bxc3 Bd6 15. Bg2 Rh5 16. f4 Rb5 17. Qa4 Kb8 18. Kb1 Nb6 19. Qc2 Nc4 20. Qe2 Nb6
21. Qc2 Nd5 22. Bxd5 cxd5 23. a4 Rb6 24. Qd2 Rb3 25. Ba5 b6 26. Bc3 Qc4 27. Qd3
Qxa4 28. e4 dxe4 29. Qxe4 Rxc3 30. bxc3 Qb3+ 31. Kc1 Qxc3+ 32. Qc2 Qb4 0-1

[Event "Politiken Cup 2011"]
[Site "Helsingor"]
[Date "2011.08.01"]
[Round "4.52"]
[White "Hobber, Anders"]
[Black "Meier, Lars"]
[Result "1/2-1/2"]
[WhiteElo "2179"]
[BlackElo "1980"]
[PlyCount "39"]
[EventDate "2011.??.??"]
[WhiteTeam "Porsgrunn"]
[BlackTeam "SK Gründau"]

1. Nf3 Nf6 2. d4 d5 3. e3 Bg4 4. Be2 e6 5. O-O Be7 6. b3 O-O 7. Bb2 c6 8. Nbd2
Nbd7 9. c4 Ne4 10. Nxe4 dxe4 11. Nd2 Bxe2 12. Qxe2 f5 13. f3 exf3 14. Rxf3 Bf6
15. e4 g6 16. Nf1 Qb6 17. Rd1 Rae8 18. Kh1 c5 19. dxc5 Qc7 20. b4 1/2-1/2

[Event "Politiken Cup 2011"]
[Site "Helsingor"]
[Date "2011.08.01"]
[Round "4.53"]
[White "Petersen, Tom"]
[Black "Fisher, William"]
[Result "0-1"]
[WhiteElo "1997"]
[BlackElo "2178"]
[PlyCount "56"]
[EventDate "2011.??.??"]
[WhiteTeam "Silkeborg"]
[BlackTeam "Marshall"]

1. d4 f5 2. Nf3 Nf6 3. Bf4 e6 4. h3 d5 5. e3 Bd6 6. Be5 O-O 7. Nbd2 c5 8. dxc5
Bxc5 9. c3 Nc6 10. Nb3 Nxe5 11. Nxe5 Bd6 12. Nf3 a5 13. Nbd4 f4 14. exf4 Bxf4
15. g3 Bb8 16. Bg2 e5 17. Ne2 a4 18. O-O Qb6 19. Ng5 e4 20. h4 Qxb2 21. c4 Bg4
22. f3 Ba7+ 23. Kh1 exf3 24. Bxf3 Bxf3+ 25. Rxf3 Rfe8 26. Nf4 h6 27. Nge6 Ng4
28. Ng2 Rxe6 0-1

[Event "Politiken Cup 2011"]
[Site "Helsingor"]
[Date "2011.08.01"]
[Round "4.54"]
[White "Guttulsrud, Odd Martin"]
[Black "Vesterli, Michael E"]
[Result "1-0"]
[WhiteElo "2177"]
[BlackElo "1969"]
[PlyCount "69"]
[EventDate "2011.??.??"]
[WhiteTeam "SK 1911"]
[BlackTeam "BMS"]

1. e4 c5 2. Nf3 d6 3. d4 cxd4 4. Nxd4 Nf6 5. Nc3 g6 6. Be3 Bg7 7. f3 O-O 8. Qd2
Nc6 9. O-O-O Bd7 10. g4 Rc8 11. h4 Qa5 12. Kb1 Be6 13. Nb3 Bxb3 14. cxb3 Nd7
15. Bh6 Bxh6 16. Qxh6 Nb4 17. Qd2 Nf6 18. a3 Nc6 19. h5 g5 20. f4 gxf4 21. Qxf4
Qe5 22. Qe3 e6 23. g5 Ng4 24. Qd2 Na5 25. Ka2 Rxc3 26. bxc3 Qxe4 27. Bg2 Qe3
28. Rhe1 Qxd2+ 29. Rxd2 d5 30. Bh3 f5 31. gxf6 Nxf6 32. Bxe6+ Kg7 33. Bxd5 Rd8
34. c4 Kh6 35. Re6 1-0

[Event "Politiken Cup 2011"]
[Site "Helsingor"]
[Date "2011.08.01"]
[Round "4.69"]
[White "Pavlovskaia, Evgenia"]
[Black "Rosell, Sven"]
[Result "1-0"]
[WhiteElo "2175"]
[BlackElo "1979"]
[PlyCount "83"]
[EventDate "2011.??.??"]
[WhiteTeam "Esløv SK"]
[BlackTeam "LASK"]

1. e4 c6 2. d4 d5 3. exd5 cxd5 4. c4 Nf6 5. Nc3 e6 6. cxd5 exd5 7. Bb5+ Bd7 8.
Qe2+ Be7 9. Nf3 O-O 10. Bxd7 Nbxd7 11. O-O Re8 12. Qd3 Bf8 13. Bg5 h6 14. Bh4
Qb6 15. b3 Rac8 16. Rac1 Ba3 17. Na4 Qa5 18. Rxc8 Rxc8 19. Qf5 Re8 20. h3 Re6
21. Bxf6 Nxf6 22. Qf4 Bd6 23. Qc1 b6 24. Qc8+ Re8 25. Qc2 Ne4 26. Nh4 Qb5 27.
Nf5 Bh2+ 28. Kxh2 Qxf1 29. Qc6 Nf6 30. Nxh6+ gxh6 31. Qxf6 Re6 32. Qf3 Rg6 33.
Nc3 Qe1 34. Nxd5 Qe6 35. Nf4 Qd6 36. g3 Rf6 37. Qa8+ Kh7 38. Qe4+ Kg8 39. Kg2
a5 40. d5 Qd7 41. Nh5 Rg6 42. Qxg6+ 1-0

[Event "Politiken Cup 2011"]
[Site "Helsingor"]
[Date "2011.08.01"]
[Round "4.70"]
[White "Rorvik, Jon F"]
[Black "Andersen, Daniel"]
[Result "1-0"]
[WhiteElo "2172"]
[BlackElo "1963"]
[PlyCount "52"]
[EventDate "2011.??.??"]
[WhiteTeam "Tempo Sjakk"]
[BlackTeam "Frederiksund"]

1. c4 Nf6 2. Nc3 d5 3. cxd5 Nxd5 4. g3 g6 5. Bg2 Nxc3 6. bxc3 c5 7. Rb1 Qc7 8.
Bb2 Bg7 9. Nf3 O-O 10. O-O c4 11. d4 cxd3 12. exd3 Nc6 13. d4 b6 14. Qe2 Na5
15. Rfe1 e6 16. Ng5 Bb7 17. Ne4 Bd5 18. Ba3 Rfd8 19. Bc1 h6 20. Bf4 Qc6 21. Be5
Kh8 22. Qd2 g5 23. f4 Rac8 24. Bxg7+ Kxg7 25. fxg5 Bxe4 26. gxh6+ Kh7 1-0

[Event "Politiken Cup 2011"]
[Site "Helsingor"]
[Date "2011.08.01"]
[Round "4.92"]
[White "Hoel, Jorgen"]
[Black "Andersen, Morten"]
[Result "1/2-1/2"]
[WhiteElo "1851"]
[BlackElo "2172"]
[PlyCount "75"]
[EventDate "2011.??.??"]
[WhiteTeam "Bergen"]
[BlackTeam "Centrum"]

1. c4 Nc6 2. g3 d5 3. Bg2 dxc4 4. Qa4 Qd6 5. Na3 Be6 6. Nxc4 Bxc4 7. Qxc4 e6 8.
Nf3 g6 9. Qc3 f6 10. b3 Bg7 11. Bb2 Nge7 12. d3 Nd5 13. Qd2 e5 14. O-O O-O 15.
Ne1 Rad8 16. Nc2 Rfe8 17. Rac1 f5 18. Na3 f4 19. Nb5 Qe7 20. Nc3 Nf6 21. Ne4
Nd5 22. Rc5 Nf6 23. Nxf6+ Bxf6 24. Rc4 Bg5 25. Qc2 Nd4 26. Bxd4 exd4 27. Rxc7
Qxe2 28. Qxe2 Rxe2 29. a4 b6 30. Rxa7 Rde8 31. Ra8 Bd8 32. Ra7 Rf8 33. Bd5+ Kh8
34. Kg2 Rd2 35. Be4 Rb2 36. Bd5 Rd2 37. Be4 Rb2 38. Bd5 1/2-1/2

[Event "Politiken Cup 2011"]
[Site "Helsingor"]
[Date "2011.08.01"]
[Round "4.55"]
[White "Schmitt, Carsten"]
[Black "Nielsen, Michael"]
[Result "0-1"]
[WhiteElo "1959"]
[BlackElo "2170"]
[PlyCount "138"]
[EventDate "2011.??.??"]
[WhiteTeam "SV Bergwinkel"]
[BlackTeam "K41"]

1. c4 Nf6 2. g3 d6 3. Bg2 g6 4. Nc3 Bg7 5. d3 O-O 6. e4 e5 7. Nge2 Be6 8. O-O
Qd7 9. f4 Bh3 10. f5 Bxg2 11. Kxg2 c6 12. Bg5 Na6 13. Bxf6 Bxf6 14. g4 Nc7 15.
Ng3 Rad8 16. Qc1 Qe7 17. Nce2 Bg5 18. Qe1 d5 19. Qf2 dxc4 20. dxc4 Rd2 21. Kh1
b6 22. f6 Qe6 23. h4 Bf4 24. Nxf4 Rxf2 25. Nxe6 Rxf1+ 26. Nxf1 Nxe6 27. Rd1 Nd4
28. Kg2 Rd8 29. g5 h5 30. Nh2 c5 31. Nf3 Re8 32. Rd2 Kf8 33. Kf2 Re6 34. Ne1
Ke8 35. Ng2 b5 36. Ne3 b4 37. Nd5 Kd7 38. Ne3 Ra6 39. b3 Rc6 40. Nd1 Ra6 41.
Ke3 Ra3 42. Nf2 a5 43. Nd3 Kd6 44. Nc1 a4 45. Kf2 axb3 46. Nxb3 Kc6 47. Rb2 Ne6
48. Rd2 Nc7 49. Kg1 Ne6 50. Kf2 Nd4 51. Rb2 Ra7 52. Kg2 Ne6 53. Rd2 Rd7 54.
Rxd7 Kxd7 55. Kf2 Kc6 56. Nc1 Nf4 57. Kf3 Kb6 58. Kg3 Ka5 59. Nb3+ Ka4 60.
Nxc5+ Ka3 61. Na6 Nd3 62. c5 Nxc5 63. Nxc5 Kxa2 64. Kf3 b3 65. Nd3 b2 66. Nxb2
Kxb2 67. Kf2 Kb3 68. Ke2 Kc2 69. Ke3 Kc3 0-1

[Event "Politiken Cup 2011"]
[Site "Helsingor"]
[Date "2011.08.01"]
[Round "4.56"]
[White "Schou-Moldt, Thomas"]
[Black "Kyrkjebo, Erlend"]
[Result "1/2-1/2"]
[WhiteElo "2167"]
[BlackElo "1953"]
[PlyCount "105"]
[EventDate "2011.??.??"]
[WhiteTeam "Allerød"]
[BlackTeam "Stavanger"]

1. e4 c5 2. Nf3 g6 3. d4 cxd4 4. Nxd4 Bg7 5. c4 Nc6 6. Nc2 d6 7. Nc3 Bxc3+ 8.
bxc3 Nf6 9. f3 Bd7 10. Rb1 Qc7 11. Be2 O-O 12. Ne3 Rfc8 13. O-O Na5 14. Qc2 Be6
15. Rb4 Nd7 16. f4 Nb6 17. f5 Bxc4 18. fxg6 fxg6 19. Ng4 Rf8 20. Nh6+ Kg7 21.
Rf3 Bxe2 22. Qxe2 Rxf3 23. Qxf3 Rf8 24. Qg3 Nac4 25. Nf5+ Kh8 26. Nd4 Qc8 27.
h3 e5 28. Nf3 Qc5+ 29. Qf2 Qxf2+ 30. Kxf2 d5 31. Ke2 dxe4 32. Ng5 e3 33. Ne4
Rf4 34. Nc5 Rf2+ 35. Ke1 Rxg2 36. Nd3 e4 37. Nb2 Nxb2 38. Bxb2 Kg7 39. c4+ Kh6
40. Bd4 Rg3 41. Ke2 Kh5 42. Bxb6 axb6 43. Rxb6 Rxh3 44. Rxb7 Kg5 45. a4 Kf4 46.
Rf7+ Ke5 47. a5 Kd4 48. Rd7+ Kxc4 49. a6 h5 50. a7 Rh2+ 51. Kxe3 Ra2 52. Kxe4
g5 53. Rh7 1/2-1/2

[Event "Politiken Cup 2011"]
[Site "Helsingor"]
[Date "2011.08.01"]
[Round "4.57"]
[White "Lyngsjo, Hakan"]
[Black "Haubro, Sigfred"]
[Result "0-1"]
[WhiteElo "1943"]
[BlackElo "2164"]
[PlyCount "80"]
[EventDate "2011.??.??"]
[BlackTeam "BMS"]

1. e4 d5 2. exd5 Qxd5 3. Nc3 Qa5 4. g3 c6 5. Bg2 Nf6 6. Nge2 Bf5 7. b4 Qc7 8.
O-O e6 9. Rb1 Be7 10. d3 O-O 11. b5 Qd7 12. Be3 Nd5 13. Ne4 Nxe3 14. fxe3 cxb5
15. Nd4 a6 16. Qf3 Bg6 17. Nf2 e5 18. Bh3 f5 19. Nb3 Qc6 20. Qe2 Nd7 21. Bg2
Qc7 22. Rfc1 Rab8 23. c4 bxc4 24. Rxc4 Qd8 25. Rbc1 Bd6 26. e4 f4 27. d4 fxg3
28. hxg3 Qg5 29. R4c3 Rbe8 30. Nh3 Qe7 31. d5 h6 32. Qg4 Kh7 33. Rc7 Bxc7 34.
Rxc7 Nf6 35. Rxe7 Nxg4 36. Rxb7 Ne3 37. Nf2 Rc8 38. Bh3 Rc2 39. Nd3 Bxe4 40.
Nxe5 Bxd5 0-1

[Event "Politiken Cup 2011"]
[Site "Helsingor"]
[Date "2011.08.01"]
[Round "4.58"]
[White "Bjorneboe, Kristian"]
[Black "Schroeder, Jan-Christian"]
[Result "0-1"]
[WhiteElo "1941"]
[BlackElo "2164"]
[PlyCount "70"]
[EventDate "2011.??.??"]
[WhiteTeam "Helsingør"]
[BlackTeam "SV 1920 Hofheim"]

1. d4 d5 2. Nf3 Nf6 3. e3 c5 4. c3 cxd4 5. cxd4 Nc6 6. Nc3 g6 7. Bd3 Bg7 8. O-O
O-O 9. b3 a6 10. Bb2 b5 11. Rc1 Bb7 12. Bb1 Rc8 13. Ne1 Qd6 14. Nd3 Nd7 15. Nc5
Nxc5 16. dxc5 Qd8 17. Qd2 d4 18. Nd1 e5 19. exd4 Nxd4 20. Bxd4 exd4 21. b4 Re8
22. f3 Qd7 23. Nf2 f5 24. Rfe1 Bc6 25. a3 Bf6 26. Nd3 Re3 27. f4 Rce8 28. Ba2+
Kg7 29. Rcd1 Qe7 30. Rxe3 dxe3 31. Qe2 Qe4 32. Bb1 Rd8 33. Re1 Bh4 34. Ne5 Bf2+
35. Kf1 Qxg2# 0-1

[Event "Politiken Cup 2011"]
[Site "Helsingor"]
[Date "2011.08.01"]
[Round "4.59"]
[White "Christensen, Casper"]
[Black "Tuhrim, Richard"]
[Result "0-1"]
[WhiteElo "1937"]
[BlackElo "2163"]
[PlyCount "90"]
[EventDate "2011.??.??"]
[WhiteTeam "BMS"]
[BlackTeam "Marshall"]

1. c4 Nf6 2. d4 c5 3. Nf3 cxd4 4. Nxd4 e5 5. Nb5 d5 6. cxd5 Bc5 7. N1c3 O-O 8.
e3 a6 9. Na3 b5 10. Nc2 e4 11. b4 Bd6 12. Bb2 Qe7 13. a4 bxa4 14. Rxa4 Bg4 15.
Be2 Bxe2 16. Qxe2 Nbd7 17. O-O Qe5 18. g3 Nxd5 19. Nd1 Qf5 20. Nd4 Qh3 21. f3
N5f6 22. Nf2 Qh5 23. fxe4 Qxe2 24. Nxe2 Nb6 25. Raa1 Bxb4 26. e5 Nfd5 27. Bd4
Nc4 28. Ra4 a5 29. Nd1 Nd2 30. Rf2 Rfc8 31. Nf4 Nxf4 32. exf4 Rc1 33. Ra1 Rac8
34. Kg2 Rxa1 35. Bxa1 Rc1 36. Nc3 Nc4 37. Bb2 Nxb2 38. Na2 Rb1 39. Nxb4 axb4
40. Rc2 Kf8 41. f5 Nd3 42. Rc8+ Ke7 43. Rc7+ Ke8 44. e6 fxe6 45. fxe6 b3 0-1

[Event "Politiken Cup 2011"]
[Site "Helsingor"]
[Date "2011.08.01"]
[Round "4.93"]
[White "Leutwyler, Martin"]
[Black "Larsen, Arne Walther"]
[Result "1-0"]
[WhiteElo "2163"]
[BlackElo "1851"]
[PlyCount "55"]
[EventDate "2011.??.??"]
[WhiteTeam "St.Gallen"]
[BlackTeam "Hvidovre"]

1. d4 Nf6 2. Nf3 g6 3. Nc3 Bg7 4. e4 d6 5. h3 c6 6. a4 Nbd7 7. Be3 e5 8. dxe5
dxe5 9. a5 O-O 10. Qd6 Ne8 11. Qb4 Nc7 12. Bc4 Re8 13. Ng5 Ne6 14. Nxe6 fxe6
15. O-O Qc7 16. Na4 b5 17. axb6 axb6 18. Qb3 Kh8 19. Bxb6 Nxb6 20. Qxb6 Qe7 21.
Nc5 Rxa1 22. Rxa1 Rf8 23. Qxc6 Bh6 24. Ra8 Qf6 25. Nd3 Be3 26. fxe3 Qf1+ 27.
Kh2 Kg7 28. Rxc8 1-0

[Event "Politiken Cup 2011"]
[Site "Helsingor"]
[Date "2011.08.01"]
[Round "4.74"]
[White "Johansson, Linus"]
[Black "Hansen, Rolf Stig"]
[Result "1-0"]
[WhiteElo "2159"]
[BlackElo "1918"]
[PlyCount "89"]
[EventDate "2011.??.??"]
[WhiteTeam "Limhamn"]
[BlackTeam "AS04"]

1. d4 Nf6 2. c4 g6 3. g3 Bg7 4. Bg2 O-O 5. Nc3 d6 6. Nf3 Re8 7. O-O Nbd7 8. e4
e5 9. h3 exd4 10. Nxd4 Ne5 11. b3 Bd7 12. Be3 Qc8 13. Kh2 h5 14. Rc1 a6 15. Nd5
Nc6 16. Nxc6 bxc6 17. Nxf6+ Bxf6 18. c5 Re6 19. Bd4 Qd8 20. f4 Bxd4 21. Qxd4
Qf6 22. Qxf6 Rxf6 23. Rfd1 Be8 24. h4 dxc5 25. e5 Re6 26. Rxc5 Rb8 27. Bf1 Re7
28. Rc2 a5 29. Rcd2 a4 30. bxa4 Rb4 31. Rd4 c5 32. Rxb4 cxb4 33. a5 Rd7 34.
Rxd7 Bxd7 35. a6 Bc8 36. a7 Bb7 37. Bg2 c6 38. Kg1 Kf8 39. Kf2 Ke7 40. Ke3 Kd7
41. Bf1 c5 42. Bc4 Ke7 43. Bd3 Kd7 44. Be4 Kc7 45. a8=Q 1-0

[Event "Politiken Cup 2011"]
[Site "Helsingor"]
[Date "2011.08.01"]
[Round "4.94"]
[White "Erikstad, Olav"]
[Black "Petersen, Peter Birk"]
[Result "0-1"]
[WhiteElo "1844"]
[BlackElo "2156"]
[PlyCount "102"]
[EventDate "2011.??.??"]
[WhiteTeam "Akademisk Sjakklubb Oslo"]
[BlackTeam "Taastrup"]

1. e4 c5 2. c3 d5 3. exd5 Qxd5 4. d4 Nf6 5. Nf3 e6 6. Bb5+ Nc6 7. O-O Bd7 8.
Re1 cxd4 9. Bxc6 Bxc6 10. cxd4 Be7 11. Nc3 Qd6 12. Ne5 Rd8 13. Nxc6 Qxc6 14.
Bf4 O-O 15. Rc1 Qb6 16. Qe2 Qxd4 17. Be3 Qb4 18. Bxa7 b6 19. Qb5 Qxb5 20. Nxb5
Bc5 21. Rxc5 bxc5 22. Bxc5 Rfe8 23. Nc7 Ne4 24. Nxe8 Nxc5 25. Nc7 Rd2 26. g3
Rxb2 27. Rc1 Ne4 28. Ra1 Nxf2 29. a4 Nh3+ 30. Kh1 Ng5 31. Ra3 Rf2 32. Kg1 Nh3+
33. Kh1 Ng5 34. Kg1 Rc2 35. Nb5 Rc5 36. Rb3 Kf8 37. a5 Nf3+ 38. Kh1 Nd2 39. Rb4
Rc2 40. Nd4 Ra2 41. Rb6 e5 42. Nf5 f6 43. Rb8+ Kf7 44. Rb7+ Ke6 45. Nxg7+ Kd5
46. Nf5 Ke4 47. Nd6+ Kf3 48. h4 e4 49. Re7 Ra1+ 50. Kh2 Nf1+ 51. Kh3 Nxg3 0-1

[Event "Politiken Cup 2011"]
[Site "Helsingor"]
[Date "2011.08.01"]
[Round "4.95"]
[White "Klings, Peter"]
[Black "Hjornevik, Asbjorn"]
[Result "1-0"]
[WhiteElo "2149"]
[BlackElo "1835"]
[PlyCount "41"]
[EventDate "2011.??.??"]
[WhiteTeam "St. Gallen"]
[BlackTeam "Sandness"]

1. e4 e6 2. d4 d5 3. e5 c5 4. c3 Nc6 5. Nf3 Qb6 6. a3 f6 7. Be2 Bd7 8. O-O cxd4
9. cxd4 fxe5 10. dxe5 h6 11. Nc3 a6 12. Nh4 O-O-O 13. Ng6 Rh7 14. Qd3 Bc5 15.
Bf4 Kb8 16. Na4 Qa7 17. b4 Bd4 18. Rab1 Be8 19. Nf8 Nxe5 20. Qxh7 Nf6 21. Qxg7
1-0

[Event "Politiken Cup 2011"]
[Site "Helsingor"]
[Date "2011.08.01"]
[Round "4.96"]
[White "Nielsen, Palle"]
[Black "Poulsen, Klaus E"]
[Result "0-1"]
[WhiteElo "1824"]
[BlackElo "2148"]
[PlyCount "32"]
[EventDate "2011.??.??"]
[WhiteTeam "Helsingør"]
[BlackTeam "Odysseus"]

1. d4 Nf6 2. Bf4 c5 3. e3 b6 4. c4 e6 5. Nf3 Bb7 6. Nc3 cxd4 7. Nxd4 a6 8. f3
Nh5 9. Bxb8 Rxb8 10. Qb3 Qh4+ 11. Kd2 Bc5 12. Nde2 O-O 13. Na4 d5 14. Nxc5 bxc5
15. g4 dxc4 16. Qc3 Bxf3 0-1

[Event "Politiken Cup 2011"]
[Site "Helsingor"]
[Date "2011.08.01"]
[Round "4.71"]
[White "Berni, Fabrizio"]
[Black "Knudsen, Jes West"]
[Result "1-0"]
[WhiteElo "2147"]
[BlackElo "1960"]
[PlyCount "55"]
[EventDate "2011.??.??"]
[WhiteTeam "Mariano Comense"]
[BlackTeam "Allerød"]

1. e4 c5 2. Nf3 a6 3. c3 d5 4. exd5 Qxd5 5. d4 cxd4 6. cxd4 Nf6 7. Nc3 Qd6 8.
Be3 e6 9. Bd3 Nbd7 10. O-O Nb6 11. Ne5 Nfd5 12. Ne4 Qe7 13. Bg5 f6 14. Qh5+ g6
15. Nxf6+ Nxf6 16. Bxg6+ Kd8 17. Qh4 Bg7 18. Nf7+ Kd7 19. Nxh8 Bxh8 20. Rac1
Nbd5 21. Be4 Qg7 22. Bf3 Ke8 23. Rfe1 Kf7 24. Re5 Qg6 25. Bh6 Ng8 26. Bh5 Bxe5
27. Bxg6+ hxg6 28. dxe5 1-0

[Event "Politiken Cup 2011"]
[Site "Helsingor"]
[Date "2011.08.01"]
[Round "4.72"]
[White "Nordin, Eric"]
[Black "Pedersen, Henrik B"]
[Result "0-1"]
[WhiteElo "1876"]
[BlackElo "2146"]
[PlyCount "106"]
[EventDate "2011.??.??"]
[WhiteTeam "Helsingborgs SS"]
[BlackTeam "Herlev"]

1. e4 c6 2. d4 d5 3. Nc3 dxe4 4. Nxe4 Bf5 5. Ng3 Bg6 6. Nf3 Nd7 7. h4 h6 8. h5
Bh7 9. Bd3 Bxd3 10. Qxd3 e6 11. Bf4 Qa5+ 12. Bd2 Bb4 13. c3 Be7 14. c4 Qc7 15.
O-O-O Ngf6 16. Kb1 O-O 17. Ne4 b5 18. c5 a5 19. g4 Nxg4 20. Nh4 f5 21. Rdg1
Ndf6 22. Nxf6+ Bxf6 23. Qe2 Bxd4 24. f3 Qe5 25. Rg2 Qxe2 26. Rxe2 Ne5 27. Be3
Bxe3 28. Rxe3 Nc4 29. Rxe6 Rfe8 30. Rxc6 Rac8 31. Rxc8 Rxc8 32. Nxf5 Rxc5 33.
Ng3 Nd2+ 34. Ka1 Nxf3 35. a3 Nd2 36. b4 Rc3 37. Nf5 Rxa3+ 38. Kb2 Nc4+ 39. Kc2
Rf3 40. Nd4 Rf2+ 41. Kc3 axb4+ 42. Kxb4 Nd6 43. Kc5 Nf5 44. Nxb5 Ng3 45. Rh3
Rf5+ 46. Kc6 Nxh5 47. Nd6 Rg5 48. Kd7 Nf6+ 49. Ke6 Rg1 50. Nf5 Re1+ 51. Kd6 Kf7
52. Nxh6+ gxh6 53. Rxh6 Re6+ 0-1

[Event "Politiken Cup 2011"]
[Site "Helsingor"]
[Date "2011.08.01"]
[Round "4.60"]
[White "Christensen, Benjamin"]
[Black "Lercel, Michal"]
[Result "0-1"]
[WhiteElo "1880"]
[BlackElo "2141"]
[PlyCount "68"]
[EventDate "2011.??.??"]
[WhiteTeam "Skanderborg"]
[BlackTeam "Oksir Wiznia Mala"]

1. e4 c5 2. Nf3 Nc6 3. Bb5 d6 4. O-O Bd7 5. c3 a6 6. Ba4 Nf6 7. Re1 b5 8. Bc2
Bg4 9. d4 cxd4 10. cxd4 Rc8 11. Bb3 g6 12. a3 Bg7 13. Qd3 O-O 14. h3 Bxf3 15.
gxf3 Nh5 16. Be3 Qd7 17. Qf1 Nxd4 18. Bd1 Ne6 19. f4 Nhxf4 20. Bxf4 Nxf4 21.
Bg4 f5 22. exf5 gxf5 23. Bf3 Bxb2 24. Ra2 Be5 25. Rd2 Qe6 26. Kh1 Qh6 27. Re3
Kh8 28. Bd5 Nxd5 29. Rxd5 Qf4 30. Rdxe5 dxe5 31. Nc3 Qc4 32. Qa1 f4 33. Ne4
fxe3 34. Qxe5+ Rf6 0-1

[Event "Politiken Cup 2011"]
[Site "Helsingor"]
[Date "2011.08.01"]
[Round "4.61"]
[White "Nielsen, John Bauneborg"]
[Black "Percivaldi, Martin"]
[Result "1-0"]
[WhiteElo "2140"]
[BlackElo "1838"]
[PlyCount "55"]
[EventDate "2011.??.??"]
[WhiteTeam "Nørresundby"]
[BlackTeam "Hillerød"]

1. Nf3 Nf6 2. e3 d5 3. b3 e6 4. Bb2 c5 5. d4 b6 6. Nbd2 Nbd7 7. c4 Bb7 8. Bd3
Be7 9. O-O O-O 10. Qc2 cxd4 11. exd4 Rc8 12. Rad1 h6 13. Rfe1 dxc4 14. bxc4 Nb8
15. Qb3 Nc6 16. Bc3 Rc7 17. h3 Rd7 18. Bb1 Qc8 19. Nf1 Ba6 20. Ne3 Nd8 21. Ne5
Rc7 22. Qc2 g6 23. Nxg6 fxg6 24. Qxg6+ Kh8 25. Qxh6+ Kg8 26. Qg6+ Kh8 27. d5
Nb7 28. Qh7# 1-0

[Event "Politiken Cup 2011"]
[Site "Helsingor"]
[Date "2011.08.01"]
[Round "4.62"]
[White "Krzesinski, Paul"]
[Black "Andersson, Christin"]
[Result "1-0"]
[WhiteElo "1832"]
[BlackElo "2134"]
[PlyCount "59"]
[EventDate "2011.??.??"]
[WhiteTeam "Sabt Frankfurter TV 1860"]
[BlackTeam "SK Bara Bønder"]

1. e4 e5 2. Nf3 d6 3. d4 exd4 4. Nxd4 Nf6 5. Nc3 Be7 6. Be3 O-O 7. Qd2 c6 8.
O-O-O b5 9. f3 a5 10. g4 d5 11. g5 Ne8 12. Nb3 a4 13. Nc5 a3 14. b3 d4 15. Bxd4
Bxg5 16. f4 Be7 17. Qg2 Qa5 18. Rg1 f6 19. Rd3 Na6 20. Rg3 Rf7 21. Nxa6 Bxa6
22. e5 Rd8 23. e6 Rxd4 24. exf7+ Kxf7 25. Qxc6 Rd6 26. Qe4 Qd8 27. Bh3 Kg8 28.
Be6+ Kf8 29. Qxh7 Rxe6 30. Qh8+ 1-0

[Event "Politiken Cup 2011"]
[Site "Helsingor"]
[Date "2011.08.01"]
[Round "4.63"]
[White "Pedersen, Nicolai Kvist Brond"]
[Black "Barane, Simon"]
[Result "1-0"]
[WhiteElo "2130"]
[BlackElo "1830"]
[PlyCount "134"]
[EventDate "2011.??.??"]
[WhiteTeam "BMS"]
[BlackTeam "Sandness"]

1. d4 d5 2. Nf3 Nc6 3. c4 Bg4 4. cxd5 Bxf3 5. exf3 Qxd5 6. Be3 e5 7. Nc3 Bb4 8.
dxe5 Qxe5 9. Rc1 Nf6 10. Bc4 Rd8 11. Qb3 O-O 12. O-O Bxc3 13. Qxc3 Qxc3 14.
bxc3 Nd5 15. Bc5 Rfe8 16. Rfd1 Nb6 17. Bb5 Rxd1+ 18. Rxd1 Rd8 19. Re1 Na5 20.
Kf1 a6 21. Re8+ Rxe8 22. Bxe8 Nac4 23. Ke2 Nd5 24. Kd3 b5 25. Kd4 Nf4 26. g3
Ne6+ 27. Kd5 Nxc5 28. Kxc5 Ne5 29. Bc6 Nd3+ 30. Kd4 Nxf2 31. Bb7 a5 32. Bc6 b4
33. cxb4 axb4 34. Kc4 Kf8 35. Kxb4 Nd3+ 36. Kb5 Ke7 37. Be4 Ne5 38. f4 Nd7 39.
Kc6 Nf6 40. Bf5 g6 41. Bc2 Kd8 42. Bb3 Ng4 43. h3 Nf2 44. Bxf7 Nxh3 45. a4 Nf2
46. a5 Kc8 47. Bg8 Ne4 48. Bxh7 Nxg3 49. Bxg6 Kb8 50. Bd3 Nh5 51. f5 Nf6 52.
Bc4 Kc8 53. Ba6+ Kb8 54. Be2 Kc8 55. Bf3 Kb8 56. Kc5 Ka7 57. Be2 Kb7 58. Kd4
Nh7 59. Kd5 Nf8 60. f6 Kc8 61. Kc6 Kb8 62. Bd3 Ne6 63. Kd7 Nc5+ 64. Ke8 Ne6 65.
f7 Ka7 66. Ke7 Nf4 67. f8=Q Ng6+ 1-0

[Event "Politiken Cup 2011"]
[Site "Helsingor"]
[Date "2011.08.01"]
[Round "4.64"]
[White "Eriksson, Christian"]
[Black "Aartun, Magnus"]
[Result "1-0"]
[WhiteElo "2129"]
[BlackElo "1788"]
[PlyCount "79"]
[EventDate "2011.??.??"]
[WhiteTeam "Herlev"]
[BlackTeam "Stavanger"]

1. e4 d5 2. exd5 Qxd5 3. Nf3 Nf6 4. d4 Bg4 5. Be2 e6 6. h3 Bh5 7. c4 Qd6 8. O-O
Nc6 9. Be3 Be7 10. Nc3 a6 11. Qb3 O-O 12. c5 Qd7 13. Ne5 Qc8 14. g4 Bg6 15. Bf3
Rb8 16. Bxc6 bxc6 17. Nxc6 Qe8 18. Nxb8 Qxb8 19. Bf4 Qa8 20. Bxc7 Ne4 21. Nxe4
Bxe4 22. Qg3 f5 23. f3 Bd5 24. Be5 g6 25. b3 Qd8 26. Bc7 Qd7 27. Bd6 Rf7 28.
Bxe7 Qxe7 29. Rad1 Qg5 30. f4 Qd8 31. g5 Bc6 32. d5 Bxd5 33. Qe3 Qa5 34. Rf2
Rc7 35. Rc1 Qb5 36. Kh2 Kf7 37. Rd2 Kg8 38. Qd4 Qc6 39. Kg3 Bh1 40. Rxh1 1-0

[Event "Politiken Cup 2011"]
[Site "Helsingor"]
[Date "2011.08.01"]
[Round "4.76"]
[White "Christensen, Janus"]
[Black "Zachariassen, John"]
[Result "1-0"]
[WhiteElo "2127"]
[BlackElo "1936"]
[PlyCount "79"]
[EventDate "2011.??.??"]
[WhiteTeam "SK68"]
[BlackTeam "Enkeltmedlem"]

1. Nf3 Nf6 2. c4 d6 3. d4 Nbd7 4. Nc3 e5 5. Bg5 Be7 6. Qc2 c6 7. g3 Qa5 8. Bd2
Qc7 9. Bg2 O-O 10. O-O Re8 11. d5 Rf8 12. Ng5 h6 13. dxc6 bxc6 14. Nge4 Bb7 15.
Nxf6+ Nxf6 16. Rac1 Qd7 17. f4 exf4 18. Rxf4 Rac8 19. e4 Qe6 20. Qa4 a6 21. Re1
Nd7 22. h4 Nc5 23. Qc2 Qg6 24. Kh2 Ne6 25. Rf2 Bf6 26. Be3 Be5 27. Ne2 c5 28.
Nf4 Qh7 29. Nd5 Bxd5 30. cxd5 Nd4 31. Qa4 g5 32. Qd7 gxh4 33. Qg4+ Qg6 34. Qxh4
Kg7 35. Bh3 Rb8 36. Ref1 Rb7 37. Bg4 Kh7 38. Bxd4 Bxd4 39. Bf5 Bxf2 40. Rxf2
1-0

[Event "Politiken Cup 2011"]
[Site "Helsingor"]
[Date "2011.08.01"]
[Round "4.65"]
[White "Christophersen, David"]
[Black "Skjoldager, Per"]
[Result "0-1"]
[WhiteElo "1777"]
[BlackElo "2126"]
[PlyCount "72"]
[EventDate "2011.??.??"]
[WhiteTeam "Allerød"]
[BlackTeam "Evans"]

1. d4 Nf6 2. c4 e6 3. Nc3 d5 4. cxd5 exd5 5. Bg5 Be7 6. e3 c6 7. Bd3 Ne4 8.
Bxe7 Qxe7 9. Nge2 Nd7 10. Qc2 Ndf6 11. Ng3 Nxg3 12. hxg3 g6 13. O-O-O Bg4 14.
Rde1 O-O-O 15. Na4 h5 16. Kb1 Kb8 17. Rc1 Bc8 18. Qb3 Ka8 19. Ka1 Qc7 20. Rc2
Ng4 21. Rhc1 h4 22. e4 Be6 23. Nc5 Bc8 24. exd5 Rxd5 25. Na6 Qd6 26. Nc7+ Qxc7
27. Qxd5 hxg3 28. Qf3 gxf2 29. Be4 Kb8 30. Bxc6 bxc6 31. Rxc6 Qb7 32. Qg3+ Ka8
33. Rc7 Qb8 34. Qf3+ Bb7 35. Rxf7 Bxf3 36. Rxf3 Ne3 0-1